La construcción del Estado y los movimientos políticos en la Argentina, 1860-1916

Uloženo v:
Podrobná bibliografie
Hlavní autor: Rock, David (Autor)
Médium: Kniha
Jazyk:španělština
Vydáno: Buenos Aires Prometeo Libros 2006
Vydání:1a. ed
Témata:
Tagy: Přidat tag
Žádné tagy, Buďte první, kdo vytvoří štítek k tomuto záznamu!

MARC

LEADER 00000nam a2200000 a 4500
001 UCG6993
003 CL-VaPUC
008 110609e20060000AG |||||||||||||||||spa|d
020 |a 9875740985 
082 0 4 |a 982.05  |b ROC  |2 21 
100 0 |a Rock, David  |e author  |9 557510 
245 1 3 |a La construcción del Estado y los movimientos políticos en la Argentina, 1860-1916 
250 |a 1a. ed 
300 |a 368 p 
942 |c BK 
945 |d 20110609 00:00:00  |a dcastane 
260 |a Buenos Aires  |b Prometeo Libros  |c 2006 
650 7 |a HISTORIA DE ARGENTINA SIGLO 19 Y 20  |2 CL-VaPUC  |9 554848 
583 |a last modification  |c 20110609 00:00:00  |k Rodrigo Vera 
999 |c 345098  |d 345096 
952 |0 0  |1 0  |4 0  |6 982_050000000000000_ROC_2006  |7 0  |8 A  |9 443552  |a BIBHIS  |b BIBHIS  |d 2019-11-22  |i 4783344  |o 982.05 ROC 2006  |p 4783344  |r 2025-01-20  |w 2019-11-22  |y BK  |k HIS